| 000 | 00844nam a2200193 a 4500 | ||
|---|---|---|---|
| 001 | 000040538 | ||
| 005 | 20201002034211.0 | ||
| 008 | 130830s2011 sp 000 0 spa d | ||
| 020 | _a9788484896326 | ||
| 040 |
_aDO-SdBNP _bspa _cBNPHU |
||
| 100 | 1 |
_aCalderón de la Barca, Pedro _d1600-1681 _95547 |
|
| 245 | 1 | 3 |
_aEl astrólogo Fingido / _cPedro Calderón de la Barca ; edición crítica de las dos versiones de Fernando Rodríguez-Gallego. |
| 260 |
_aMadrid : _bIberoamericana ;, _c2011. |
||
| 300 |
_a488 p. : _bil. ; _c24 cm. |
||
| 490 | 1 |
_aBiblioteca Áurea Hispanica ; _aComedias Completas de Calderón ; _n6 _v73 |
|
| 504 | _aIncluye referencias bibliográficas y notas al pie de las páginas | ||
| 700 | 1 |
_aRodríguez-Gallego, Fernando _eed. _966853 |
|
| 830 | 0 |
_aBiblioteca Áurea Hispanica ; _v73 _pComedias Completas de Calderón ; _n6 _966854 |
|
| 999 |
_c40028 _d40028 |
||